2 Films 1 Acteur - Statistiques

Statistiques générales
  • Ce quiz a été pris 88 fois
  • Le résultat moyen est 8 sur 20
Statistiques - réponses
Film Film Acteur % Correct
Bac Nord Les Petits Mouchoirs Gilles Lellouche
86%
Bohemian Rhapsody Oppenheimer Rami Malek
64%
Léon Brothers Nathalie Portman
62%
Et Ta Soeur Tout Ce Qui Brille Géraldine Nakache
51%
Un Moment d'Egarement Black Swann Vincent Cassel
51%
Alliés Jeux d'Enfants Marion Cotillard
46%
Le Diable s'Habille en Prada Le Nouveau Stagiaire Anne Hathaway
45%
36 Quai des Orfèvres Le Brio Daniel Auteuil
39%
Il Était Temps Once Upon a Time... In Holywood Margot Robbie
37%
Mandibules Sibyl Adèles Exarchopoulos
36%
En Corps Mon Inconnue François Civil
36%
Inglourious Basterds Le Retour du Héros Mélanie Laurent
36%
Passengers Red Sparrow Jennifer Lawrence
33%
Mascarade Ne Le Dis à Personne François Cluzet
32%
Joker Limitless Robert DeNiro
32%
Yannick Une Année Difficile Pio Marmaï
30%
Une Famille à Louer Revoir Paris Virginie Efira
26%
Very Bad Trip Date Limite Zack Galifianakis
13%
Bronx Braqueurs Kaaris
11%
Les Emotifs Anonymes Comme des Frères Pierre Niney
7%
Aucun quiz correspondant
Distribution des résultats
% des personnes avec chaque résultat
Percentile par nombre de réponses
Votre historique - résultats
Vous n’avez pas pris ce quiz